| 000 | 00431pab a2200145 454500 | ||
|---|---|---|---|
| 008 | 180718b xxu||||| |||| 00| 0 eng d | ||
| 100 | _aAguda, A.S. | ||
| 245 | _aDevelopment and employment possibilities in a predominantly rural community in Southwester Nigeria | ||
| 650 | _a Rural Employment | ||
| 650 | _a Rural Development | ||
| 650 | _a Employment | ||
| 650 | _aEmployment, Rural - Nigeria | ||
| 773 | _aSPACE | ||
| 909 | _a22124 | ||
| 999 |
_c22124 _d22124 |
||